L'équipe du PSG championne d'Europe 2025 - Statistiques

Statistiques générales
  • Ce quiz a été pris 248 fois
  • Le résultat moyen est 19 sur 23
Statistiques - réponses
Numéro Réponse % Correct
10 Dembélé
95%
1 Donnaruma
94%
14 Doué
93%
17 Vitinha
93%
29 Barcola
92%
2 Hakimi
92%
5 Marquinhos
91%
8 Ruiz
90%
87 Joao Neves
89%
25 Nuno Mendes
88%
51 Pacho
88%
Entraineur Luis Enrique
87%
9 Ramos
85%
24 Mayulu
83%
21 Hernandez
82%
33 Zaïre-Emery
81%
39 Safonov
79%
3 Kimpembe
76%
7 Kvaratskhelia
74%
80 Tenas
73%
35 Beraldo
68%
19 Lee
63%
49 Mbaye
63%
Aucun quiz correspondant
Distribution des résultats
% des personnes avec chaque résultat
Percentile par nombre de réponses
Votre historique - résultats
Vous n’avez pas pris ce quiz